Click a Bordering Country Quiz Stats

Quiz Updated Jun 28, 2016

Challenge
Share
Tweet
Score 0/10 Timer 02:00
8 Plays Today
% Correct
United States
95%
Brazil
93.6%
Nepal
88.9%
Ireland
86.6%
Libya
84.9%
Sweden
83.9%
Turkey
83.5%
Cambodia
74.7%
Zambia
73.4%
Uzbekistan
70.5%

You're not logged in!

Compare scores with friends on all Sporcle quizzes.
Join for Free
OR
Log In

You Might Also Like...

Show Comments

Extras

Top Quizzes Today


Score Distribution

Your Account Isn't Verified!

In order to create a playlist on Sporcle, you need to verify the email address you used during registration. Go to your Sporcle Settings to finish the process.

Report this User

Report this user for behavior that violates our Community Guidelines.

Details: